| 000 | 00577nam a2200169 a 4500 | ||
|---|---|---|---|
| 001 | BRCA_1490 | ||
| 005 | 20190320203442.0 | ||
| 008 | 140408s1996----mx-a---###---#000-0#sp--# | ||
| 050 | 4 |
_aNK2808 _b.A58 1996 |
|
| 245 | 1 | 0 |
_aAnthony Foster _bFine Oriental and European Carpets and Tapestries. |
| 260 |
_aMéxico _bAnthony Foster _c1996 |
||
| 300 |
_a40 p. _bil. a color _c28 cm. |
||
| 650 | 1 | 4 |
_aAlfombras y tapetes orientales _xTiendas _zMéxico _94867 |
| 650 | 1 | 4 |
_aAlfombras y tapetes _xTécnicas de elaboración _94868 |
| 650 | 1 | 4 |
_aAlfombras y tapetes _xDiseño _94869 |
| 942 |
_2lcc _cB |
||
| 999 |
_c1351 _d1351 |
||